| 000 | 00375nam a22001697a 4500 | ||
|---|---|---|---|
| 005 | 20160627115841.0 | ||
| 008 | 160627b xxu||||| |||| 00| 0 eng d | ||
| 020 | _a0-7494-2130-4 | ||
| 041 | _aeng | ||
| 082 | _b10474 | ||
| 100 |
_aDenny, Richard _92928 |
||
| 245 | _aSelling to wins | ||
| 260 |
_bKogan _c1998 |
||
| 300 | _a192 | ||
| 650 |
_aManagement _9241 |
||
| 942 | _cBK | ||
| 999 |
_c4237 _d4236 |
||